[Event "Capablanca Memorial Elite 40th"]
[Site "Havana"]
[Date "2005.05.16"]
[Round "11"]
[White "Delgado Ramirez, Neuris"]
[Black "Bruzon Batista, Lazaro"]
[Result "1/2-1/2"]
[WhiteElo "2567"]
[BlackElo "2669"]
[Annotator "Mueller,Karsten"]
[PlyCount "175"]
[EventDate "2005.05.06"]
[EventType "tourn"]
[EventRounds "14"]
[EventCountry "CUB"]
[EventCategory "15"]
[SourceTitle "CBM 107"]
[Source "ChessBase"]
[SourceDate "2005.08.01"]
[SourceVersion "1"]
[SourceVersionDate "2005.08.01"]
[SourceQuality "1"]

1. e4 e6 2. d4 d5 3. Nd2 dxe4 4. Nxe4 Nd7 5. Nf3 Ngf6 6. Nxf6+ Nxf6 7. c3 c5 8.
Be3 Qc7 9. Bd3 Bd6 10. O-O Bd7 11. dxc5 Bxc5 12. Bxc5 Qxc5 13. Re1 O-O 14. Ne5
Bc6 15. Qc2 Rad8 16. Rad1 Rc8 17. b4 Qe7 18. a3 b6 19. Rd2 Ba8 20. c4 Rfd8 21.
Red1 Qc7 22. f4 h6 23. h3 Kf8 24. Be2 Rxd2 25. Qxd2 Kg8 26. Qd4 Qe7 27. Kh2 Qc7
28. Bd3 Kf8 29. Bc2 Bc6 30. Rd2 Be8 31. Kg1 Qe7 32. g4 Ng8 33. Kg2 Qc7 34. Bb3
Ne7 35. Qd6 Qxd6 36. Rxd6 Nc6 37. Nxc6 Bxc6+ 38. Kf2 Ke7 39. Rd2 g5 40. fxg5
hxg5 41. Kg3 Rh8 42. Bc2 Rh6 43. Re2 Rf6 44. Be4 Bxe4 45. Rxe4 Rf1 46. c5 Ra1
47. Re3 bxc5 48. bxc5 Rc1 49. Rb3 Kf6 50. Rb7 Rc3+ 51. Kg2 Rxa3 52. c6 Rc3 53.
c7 a5 54. Ra7 a4 55. Rxa4 Rxc7 56. h4 $2 {Weiß musste stehenbleiben und
abwarten.} gxh4 $2 {Was für eine Sorglosigkeit!} (56... Rc2+ {gewann leicht:}
57. Kg3 Rc3+ 58. Kh2 gxh4 $19) 57. Kh3 $11 {Weiß verteidigt sich im Folgenden
vorbildlich:} Kg5 58. Ra5+ f5 59. gxf5 Rc3+ 60. Kg2 exf5 61. Ra4 Rg3+ 62. Kh2
Re3 63. Kg2 $1 (63. Rb4 $2 f4 64. Rb8 Kg4 65. Rg8+ Kf3 66. Rf8 Re4 67. Kh3 Kf2
$19) 63... Re4 64. Ra8 Re2+ 65. Kf3 Re6 66. Rg8+ Rg6 67. Rh8 Rh6 68. Rg8+ Kf6 (
68... Kh5 69. Kf4 h3 70. Kg3 Rg6+ 71. Rxg6 Kxg6 72. Kxh3 Kf6 73. Kg3 Ke5 74.
Kf3 $11) 69. Rf8+ Kg6 70. Kg2 h3+ 71. Kh2 Kg5 72. Rg8+ Kf4 73. Ra8 Kg4 74. Rg8+
Kf3 75. Ra8 f4 76. Ra3+ Kg4 77. Ra8 Rf6 (77... f3 78. Ra4+ Kf5 79. Ra5+ $11)
78. Rg8+ Kf3 79. Ra8 Re6 80. Ra7 Kf2 81. Kxh3 $1 f3 82. Ra2+ Re2 83. Ra1 Ke3
84. Ra3+ Kf4 85. Ra4+ Re4 86. Ra8 Rd4 (86... Re1 87. Ra4+ Ke3 88. Ra3+ Kf2 89.
Ra2+ Re2 (89... Kf1 90. Kg3 Re3 91. Rf2+ $11) 90. Ra1 $11) 87. Rf8+ Ke3 88. Kg3
$1 1/2-1/2

[Event "Capablanca Memorial Elite 40th"]
[Site "Havana"]
[Date "2005.05.17"]
[Round "12"]
[White "Dominguez Perez, Leinier"]
[Black "Delgado Ramirez, Neuris"]
[Result "1/2-1/2"]
[WhiteElo "2658"]
[BlackElo "2567"]
[PlyCount "97"]
[EventDate "2005.05.06"]
[EventType "tourn"]
[EventRounds "14"]
[EventCountry "CUB"]
[EventCategory "15"]
[SourceTitle "CBM 107"]
[Source "ChessBase"]
[SourceDate "2005.08.01"]
[SourceVersion "1"]
[SourceVersionDate "2005.08.01"]
[SourceQuality "1"]

1. e4 c5 2. Nf3 d6 3. d4 cxd4 4. Nxd4 Nf6 5. Nc3 Nc6 6. Bg5 e6 7. Qd2 a6 8.
O-O-O Qb6 9. f3 Qxd4 10. Qxd4 Nxd4 11. Rxd4 Rb8 12. Be2 Be7 13. Rhd1 Bd7 14.
Bh4 h6 15. Bg3 e5 16. Rxd6 Bxd6 17. Rxd6 Be6 18. Bxe5 Rd8 19. Rxd8+ Kxd8 20.
Bd3 Ke7 21. b3 Rg8 22. Ne2 Nd7 23. Bb2 Nc5 24. Kd2 Nxd3 25. cxd3 f6 26. d4 Kf7
27. d5 Bd7 28. f4 Rd8 29. Ke3 g5 30. g3 b5 31. Nd4 gxf4+ 32. gxf4 Re8 33. Ne2
Bg4 34. Ng3 Rc8 35. Kd3 b4 36. Nf1 Be2+ 37. Kxe2 Rc2+ 38. Ke3 Rxb2 39. e5 fxe5
40. fxe5 Rxa2 41. e6+ Kf6 42. Nd2 Ke7 43. Nf3 Ra1 44. Nd4 Rf1 45. Ke2 Rf8 46.
Ke3 Rf1 47. Ke2 Rf4 48. Ke3 Rf1 49. Ke2 1/2-1/2

[Event "Capablanca Memorial Elite 40th"]
[Site "Havana"]
[Date "2005.05.18"]
[Round "13"]
[White "Delgado Ramirez, Neuris"]
[Black "Jobava, Baadur"]
[Result "1/2-1/2"]
[WhiteElo "2567"]
[BlackElo "2637"]
[PlyCount "82"]
[EventDate "2005.05.06"]
[EventType "tourn"]
[EventRounds "14"]
[EventCountry "CUB"]
[EventCategory "15"]
[SourceTitle "CBM 107"]
[Source "ChessBase"]
[SourceDate "2005.08.01"]
[SourceVersion "1"]
[SourceVersionDate "2005.08.01"]
[SourceQuality "1"]

1. e4 c5 2. Nf3 e6 3. Nc3 Nc6 4. d4 cxd4 5. Nxd4 Nf6 6. Nxc6 bxc6 7. Bd3 d5 8.
O-O Be7 9. Re1 Nd7 10. Bf4 d4 11. Na4 e5 12. Bg3 h5 13. h3 h4 14. Bh2 O-O 15.
c3 dxc3 16. Nxc3 Bc5 17. Rf1 Bd4 18. Qc2 Nc5 19. Bc4 Qb6 20. Ne2 Rd8 21. Nxd4
exd4 22. Rfd1 Be6 23. Bxe6 Nxe6 24. Rac1 d3 25. Rxd3 Rxd3 26. Qxd3 Qxb2 27. Qc2
Qxc2 28. Rxc2 Rd8 29. Be5 Rd1+ 30. Kh2 c5 31. Bb8 a6 32. Ba7 Rd7 33. Bb8 Rd8
34. Be5 f6 35. Bb2 Rd3 36. Bc1 Kf7 37. Be3 Ra3 38. Bxc5 Nxc5 39. Rxc5 Rxa2 40.
Rc7+ Kg6 41. f3 a5 1/2-1/2

[Event "American Continental 3rd"]
[Site "Buenos Aires"]
[Date "2005.08.06"]
[Round "1"]
[White "Delgado Ramirez, Neuris"]
[Black "Lemos, Damian"]
[Result "1-0"]
[WhiteElo "2570"]
[BlackElo "2284"]
[PlyCount "75"]
[EventDate "2005.08.06"]
[EventType "swiss"]
[EventRounds "11"]
[EventCountry "ARG"]
[SourceTitle "CBM 109"]
[Source "ChessBase"]
[SourceDate "2005.11.14"]
[SourceVersion "1"]
[SourceVersionDate "2005.11.14"]
[SourceQuality "1"]

1. e4 e6 2. Qe2 c5 3. g3 Nc6 4. Bg2 g6 5. c3 Bg7 6. f4 Nge7 7. d3 d6 8. Nf3 O-O
9. O-O e5 10. Be3 b6 11. Nh4 exf4 12. gxf4 f5 13. exf5 Bxf5 14. Nxf5 Rxf5 15.
Nd2 d5 16. Nf3 Qd6 17. Bd2 Rff8 18. Ng5 Rae8 19. Rae1 Nd8 20. f5 gxf5 21. Bf4
Qg6 22. Bf3 Nec6 23. Bxd5+ Kh8 24. Qg2 Ne5 25. Qg3 h6 26. Rxe5 hxg5 27. Rxe8
Rxe8 28. Qxg5 Qxg5+ 29. Bxg5 Re5 30. Bc4 Nc6 31. Rf3 Kh7 32. Bf7 Bh8 33. Kf2
Kg7 34. Bb3 Na5 35. Rg3 Kf8 36. Bf4 c4 37. Bxe5 Bxe5 38. Bxc4 1-0

[Event "American Continental 3rd"]
[Site "Buenos Aires"]
[Date "2005.08.07"]
[Round "2"]
[White "Claverie, Raul Ricardo"]
[Black "Delgado Ramirez, Neuris"]
[Result "1/2-1/2"]
[WhiteElo "2388"]
[BlackElo "2570"]
[PlyCount "131"]
[EventDate "2005.08.06"]
[EventType "swiss"]
[EventRounds "11"]
[EventCountry "ARG"]
[SourceTitle "CBM 109"]
[Source "ChessBase"]
[SourceDate "2005.11.14"]
[SourceVersion "1"]
[SourceVersionDate "2005.11.14"]
[SourceQuality "1"]

1. e4 c5 2. Nf3 Nc6 3. g3 g6 4. Bg2 Bg7 5. O-O e5 6. c3 Nge7 7. d3 O-O 8. a3 d6
9. b4 a6 10. Be3 b6 11. Qd2 Re8 12. Ra2 Be6 13. Rb2 Rb8 14. Rd1 Qc8 15. Qc1 Bh3
16. Bh1 Qc7 17. c4 Nd4 18. Nxd4 cxd4 19. Bh6 Rec8 20. Bxg7 Kxg7 21. Nd2 Qd7 22.
Rc2 h5 23. Nf3 f6 24. Qd2 Qa4 25. Rb1 Rc7 26. b5 axb5 27. Rxb5 Bd7 28. Rb4 Qxa3
29. Ra2 Qc3 30. Qxc3 dxc3 31. Rb3 b5 32. Rxc3 bxc4 33. Nd2 Be6 34. dxc4 Nc6 35.
Bg2 Nd4 36. Bf1 Rcb7 37. Ra1 Rb2 38. Nf3 Rb1 39. Ra7+ Kh6 40. Kg2 Rd1 41. Nxd4
exd4 42. Rd3 Rxf1 43. Kxf1 Bxc4 44. Raa3 Re8 45. f3 Rb8 46. Kf2 Bxd3 47. Rxd3
Rb4 48. Ra3 Rb2+ 49. Kg1 h4 50. gxh4 d5 51. exd5 Rb5 52. Rd3 Rxd5 53. Kg2 Kh5
54. Kg3 f5 55. f4 Rd8 56. Kh3 Kh6 57. Kg3 Kg7 58. Kf2 Kf6 59. Ke2 Ke6 60. Rg3
Kd5 61. Rxg6 Ke4 62. h5 Kxf4 63. h6 d3+ 64. Kd2 Ra8 65. Kxd3 Ra3+ 66. Ke2
1/2-1/2

[Event "American Continental 3rd"]
[Site "Buenos Aires"]
[Date "2005.08.08"]
[Round "3"]
[White "Delgado Ramirez, Neuris"]
[Black "Castro Rojas, Oscar Humberto"]
[Result "0-1"]
[WhiteElo "2570"]
[BlackElo "2385"]
[PlyCount "162"]
[EventDate "2005.08.06"]
[EventType "swiss"]
[EventRounds "11"]
[EventCountry "ARG"]
[SourceTitle "CBM 109"]
[Source "ChessBase"]
[SourceDate "2005.11.14"]
[SourceVersion "1"]
[SourceVersionDate "2005.11.14"]
[SourceQuality "1"]

1. Nf3 d5 2. c4 d4 3. g3 Nc6 4. d3 e5 5. Bg2 Nf6 6. O-O a5 7. Na3 Bc5 8. Nb5
O-O 9. Bg5 Bg4 10. Bxf6 gxf6 11. Nh4 Re8 12. Na3 Qd7 13. Nc2 f5 14. f3 Bh5 15.
Bh3 Bg6 16. Qd2 Qe6 17. Nxf5 Kh8 18. Qg5 f6 19. Qg4 Ne7 20. Nxe7 Qxe7 21. Qd7
Qf8 22. Rf2 Re7 23. Qd5 b6 24. f4 e4 25. Nxd4 exd3 26. Ne6 Rxe6 27. Bxe6 Rd8
28. Qf3 d2 29. e3 Bc2 30. Rff1 Qe7 31. f5 Qd6 32. Rad1 Qe5 33. Kf2 Rd3 34. Qa8+
Kg7 35. Kg2 Qxe3 36. Qe8 Qe5 37. Qh5 Rd8 38. Kh3 Bxd1 39. Rxd1 Qxb2 40. Qf7+
Kh8 41. Qxc7 Qd4 42. Bd5 Rf8 43. Bf3 Qe3 44. Qb7 Bd4 45. Qd5 Re8 46. Bg4 Bc3
47. Qf7 Qe7 48. Qh5 Kg8 49. Bf3 Kh8 50. Bd5 Qf8 51. Be6 Rd8 52. Kg2 Rd3 53. Qe2
Rd8 54. Qe3 Qb4 55. Bd5 b5 56. a3 Qxa3 57. Rxd2 Qc1 58. Re2 Qxe3 59. Rxe3 Be5
60. Kf3 b4 61. Bc6 Rd2 62. Bb5 Rxh2 63. c5 Rc2 64. c6 h5 65. Ke4 Rc5 66. Ba4
Kg7 67. Rd3 Kh6 68. Rd8 Bxg3 69. Rh8+ Kg5 70. Bd1 Rc4+ 71. Kd5 Rc3 72. Rxh5+
Kf4 73. Ba4 Ke3 74. Rh3 Kd2 75. Ke6 Be5 76. Rh7 Rc5 77. Rb7 Kc3 78. Rh7 Kb2 79.
Rh3 Rc3 80. Rh7 Ka3 81. Bb5 b3 0-1

[Event "American Continental 3rd"]
[Site "Buenos Aires"]
[Date "2005.08.09"]
[Round "4"]
[White "Mazziotti Irigoyen, Gabriel"]
[Black "Delgado Ramirez, Neuris"]
[Result "1/2-1/2"]
[WhiteElo "2293"]
[BlackElo "2570"]
[PlyCount "113"]
[EventDate "2005.08.06"]
[EventType "swiss"]
[EventRounds "11"]
[EventCountry "ARG"]
[SourceTitle "CBM 109"]
[Source "ChessBase"]
[SourceDate "2005.11.14"]
[SourceVersion "1"]
[SourceVersionDate "2005.11.14"]
[SourceQuality "1"]

1. d4 Nf6 2. c4 e6 3. g3 c5 4. Nf3 cxd4 5. Nxd4 Qc7 6. b3 Bb4+ 7. Bd2 Bc5 8. e3
e5 9. Nb5 Qc6 10. b4 Be7 11. f3 a6 12. N5a3 h5 13. Nc2 h4 14. Rg1 hxg3 15. hxg3
Nh5 16. Qe2 Qg6 17. Qd3 f5 18. Nc3 Nc6 19. O-O-O Nf6 20. e4 d6 21. b5 Nd8 22.
Ne3 fxe4 23. fxe4 axb5 24. cxb5 Ne6 25. Ned5 Nc5 26. Qc2 Nxd5 27. Nxd5 Bd8 28.
Bb4 Bg4 29. Re1 Rc8 30. Kb2 Bf3 31. b6 Bxe4 32. Bb5+ Kf8 33. Qf2+ Qf7 34. Qxf7+
Kxf7 35. Rgf1+ Ke6 36. Nc7+ Bxc7 37. Bxc5 Bd8 38. Bc4+ Bd5 39. Bxd5+ Kxd5 40.
Rd1+ Kc6 41. Bxd6 e4 42. Bc7 Bxc7 43. bxc7 Rh2+ 44. Kb3 Rg2 45. Rc1+ Kb6 46.
Rc3 Rxc7 47. Rxc7 Kxc7 48. Rf7+ Kd6 49. Rxg7 Ke5 50. Rxb7 Kd4 51. Rd7+ Ke3 52.
a4 Rxg3 53. a5 Kf2+ 54. Kb4 e3 55. a6 e2 56. Rd2 Rg1 57. Kb5 1/2-1/2

[Event "American Continental 3rd"]
[Site "Buenos Aires"]
[Date "2005.08.10"]
[Round "5"]
[White "Delgado Ramirez, Neuris"]
[Black "D'Arruda, Ricardo D"]
[Result "0-1"]
[WhiteElo "2570"]
[BlackElo "2320"]
[PlyCount "76"]
[EventDate "2005.08.06"]
[EventType "swiss"]
[EventRounds "11"]
[EventCountry "ARG"]
[SourceTitle "CBM 109"]
[Source "ChessBase"]
[SourceDate "2005.11.14"]
[SourceVersion "1"]
[SourceVersionDate "2005.11.14"]
[SourceQuality "1"]

1. Nf3 d5 2. c4 c6 3. b3 Nf6 4. Bb2 g6 5. g3 Bg7 6. Bg2 O-O 7. O-O Nbd7 8. d3
Re8 9. Qc2 e5 10. cxd5 cxd5 11. e4 b6 12. Nc3 Bb7 13. b4 Rc8 14. Qb3 a5 15. a3
d4 16. Nb5 Qe7 17. bxa5 bxa5 18. a4 Nc5 19. Qd1 Ba6 20. Ba3 Qd7 21. Rb1 Bf8 22.
Ng5 Rb8 23. Bh3 Qd8 24. Bxc5 Bxc5 25. Qb3 Rb7 26. f4 h6 27. fxe5 Rxe5 28. Nf3
Rh5 29. Kg2 Rxh3 30. Kxh3 Ng4 31. Kg2 Ne3+ 32. Kh1 Nxf1 33. Rxf1 Bxb5 34. axb5
Qe8 35. Rb1 Qe6 36. Qc2 Rc7 37. Nxd4 Qf6 38. e5 Bxd4 0-1

[Event "American Continental 3rd"]
[Site "Buenos Aires"]
[Date "2005.08.11"]
[Round "6"]
[White "Goldwaser, Christian"]
[Black "Delgado Ramirez, Neuris"]
[Result "0-1"]
[WhiteElo "2180"]
[BlackElo "2570"]
[PlyCount "90"]
[EventDate "2005.08.06"]
[EventType "swiss"]
[EventRounds "11"]
[EventCountry "ARG"]
[SourceTitle "CBM 109"]
[Source "ChessBase"]
[SourceDate "2005.11.14"]
[SourceVersion "1"]
[SourceVersionDate "2005.11.14"]
[SourceQuality "1"]

1. d4 Nf6 2. Nf3 e6 3. c4 b6 4. Nc3 Bb7 5. Bg5 Be7 6. e3 h6 7. Bh4 c5 8. Bd3 d6
9. O-O Nbd7 10. Qe2 O-O 11. Rfd1 Rc8 12. Rac1 a6 13. e4 cxd4 14. Nxd4 Nc5 15.
Bb1 Qc7 16. Bg3 Ncd7 17. b3 g6 18. f4 e5 19. Nf3 Nh5 20. f5 Nxg3 21. hxg3 Nf6
22. fxg6 fxg6 23. Nh4 Kg7 24. Nd5 Nxd5 25. exd5 Bxh4 26. gxh4 Qc5+ 27. Kh1 Rf4
28. g3 Rf6 29. Rf1 Rcf8 30. h5 gxh5 31. Qd3 Rxf1+ 32. Rxf1 Rxf1+ 33. Qxf1 Bc8
34. Qd3 Kf8 35. Qg6 Ke7 36. Bf5 Bxf5 37. Qxf5 b5 38. Qe6+ Kd8 39. cxb5 axb5 40.
a4 bxa4 41. bxa4 Kc7 42. a5 Kb7 43. Kh2 Ka6 44. Kh3 Kxa5 45. Kh4 Qc1 0-1

[Event "American Continental 3rd"]
[Site "Buenos Aires"]
[Date "2005.08.12"]
[Round "7"]
[White "Delgado Ramirez, Neuris"]
[Black "Ripari, Marcelo"]
[Result "1-0"]
[WhiteElo "2570"]
[BlackElo "2295"]
[PlyCount "65"]
[EventDate "2005.08.06"]
[EventType "swiss"]
[EventRounds "11"]
[EventCountry "ARG"]
[SourceTitle "CBM 109"]
[Source "ChessBase"]
[SourceDate "2005.11.14"]
[SourceVersion "1"]
[SourceVersionDate "2005.11.14"]
[SourceQuality "1"]

1. e4 c5 2. Nf3 e6 3. Nc3 Nc6 4. Bb5 Nge7 5. O-O a6 6. Bxc6 Nxc6 7. d4 cxd4 8.
Nxd4 Qc7 9. Re1 Bd6 10. Nxc6 dxc6 11. f4 e5 12. f5 b5 13. Be3 Qe7 14. Qd2 Bb7
15. Rad1 Bc5 16. Bxc5 Qxc5+ 17. Re3 O-O 18. Kf2 f6 19. Kf3 Rf7 20. Rd3 Raf8 21.
Rd8 Qe7 22. Rd6 g6 23. g4 Rg7 24. Rd8 gxf5 25. gxf5 Rgf7 26. Qd6 Qxd6 27. R8xd6
Rc7 28. Ne2 Rff7 29. Ng3 Rc8 30. Nh5 Rcf8 31. Re6 c5 32. Rdd6 Bc8 33. Rxf6 1-0

[Event "American Continental 3rd"]
[Site "Buenos Aires"]
[Date "2005.08.13"]
[Round "8"]
[White "Disconzi da Silva, Rodrigo"]
[Black "Delgado Ramirez, Neuris"]
[Result "1/2-1/2"]
[WhiteElo "2367"]
[BlackElo "2570"]
[PlyCount "91"]
[EventDate "2005.08.06"]
[EventType "swiss"]
[EventRounds "11"]
[EventCountry "ARG"]
[SourceTitle "CBM 109"]
[Source "ChessBase"]
[SourceDate "2005.11.14"]
[SourceVersion "1"]
[SourceVersionDate "2005.11.14"]
[SourceQuality "1"]

1. d4 Nf6 2. c4 e6 3. Nf3 b6 4. Nc3 Bb7 5. Bg5 h6 6. Bh4 d6 7. Qc2 Nbd7 8. e4
g5 9. Bg3 Nh5 10. O-O-O Bg7 11. Be2 Qe7 12. Nb5 Nxg3 13. fxg3 O-O 14. Nxc7 Rac8
15. Nb5 a6 16. Nc3 g4 17. Nh4 b5 18. Kb1 Nf6 19. d5 b4 20. Na4 exd5 21. Nf5 Qe5
22. exd5 Nxd5 23. Bxg4 b3 24. Qxb3 Qe4+ 25. Ka1 Qxg4 26. Qxb7 Qxf5 27. Rxd5 Qc2
28. Qb3 Qxg2 29. Rhd1 Rb8 30. R5d2 Rxb3 31. Rxg2 Rb4 32. Nc3 Rfb8 33. Rc2 Be5
34. Rd3 Rxc4 35. Kb1 Kg7 36. Nd1 Re4 37. Re3 Rd4 38. Nf2 Rb5 39. Nd3 Rbd5 40.
Rc3 h5 41. Ra3 a5 42. Rc3 h4 43. Kc2 hxg3 44. hxg3 Ra4 45. Rc7 Kg6 46. Rf3
1/2-1/2

[Event "American Continental 3rd"]
[Site "Buenos Aires"]
[Date "2005.08.14"]
[Round "9"]
[White "Delgado Ramirez, Neuris"]
[Black "Lawson, Eric"]
[Result "1-0"]
[WhiteElo "2570"]
[BlackElo "2367"]
[PlyCount "113"]
[EventDate "2005.08.06"]
[EventType "swiss"]
[EventRounds "11"]
[EventCountry "ARG"]
[SourceTitle "CBM 109"]
[Source "ChessBase"]
[SourceDate "2005.11.14"]
[SourceVersion "1"]
[SourceVersionDate "2005.11.14"]
[SourceQuality "1"]

1. e4 c5 2. Nf3 Nc6 3. Bb5 g6 4. c3 Nf6 5. e5 Nd5 6. d4 cxd4 7. Qb3 Nc7 8. Bc4
Ne6 9. cxd4 Na5 10. Qc3 Nxc4 11. Qxc4 d5 12. exd6 Qxd6 13. Nc3 Bg7 14. Be3 Bd7
15. O-O O-O 16. Rad1 Rfc8 17. Qe2 Qa6 18. Qd2 Nc7 19. Bg5 f6 20. Bh6 Bg4 21.
Bxg7 Kxg7 22. Rfe1 e6 23. Qf4 Bxf3 24. Qxf3 Re8 25. h4 Qc6 26. Ne4 Nd5 27. h5
b6 28. h6+ Kxh6 29. Nxf6 Rf8 30. Qh3+ Kg7 31. Rxe6 Qxe6 32. Qxe6 Nxf6 33. Rc1
Rf7 34. Rc8 Rxc8 35. Qxc8 Rd7 36. Qc4 h5 37. f3 Rd5 38. Kf2 g5 39. Ke3 Kg6 40.
Kd3 h4 41. Qc7 Rd7 42. Qe5 Rd5 43. Qe6 Ra5 44. a3 Kg7 45. Kc4 Ra4+ 46. b4 Rxa3
47. Qf5 Ra2 48. Qxg5+ Kf7 49. f4 a6 50. Kb3 Rd2 51. Qxh4 Rxg2 52. Qe1 b5 53. f5
Kf8 54. Qe5 Nd7 55. Qd6+ Ke8 56. f6 Kd8 57. Qe7+ 1-0

[Event "American Continental 3rd"]
[Site "Buenos Aires"]
[Date "2005.08.15"]
[Round "10"]
[White "Pierrot, Juan Facundo"]
[Black "Delgado Ramirez, Neuris"]
[Result "0-1"]
[WhiteElo "2449"]
[BlackElo "2570"]
[PlyCount "202"]
[EventDate "2005.08.06"]
[EventType "swiss"]
[EventRounds "11"]
[EventCountry "ARG"]
[SourceTitle "CBM 109"]
[Source "ChessBase"]
[SourceDate "2005.11.14"]
[SourceVersion "1"]
[SourceVersionDate "2005.11.14"]
[SourceQuality "1"]

1. e4 c5 2. Nf3 Nc6 3. d4 cxd4 4. Nxd4 Nf6 5. Nc3 d6 6. Bc4 e6 7. Be3 Bd7 8.
O-O Be7 9. Bb3 O-O 10. Ndb5 Qb8 11. f4 a6 12. Nd4 Na5 13. f5 Nxb3 14. axb3 b5
15. Bg5 b4 16. Na4 Qb7 17. Qf3 Rac8 18. c4 bxc3 19. Nxc3 Qb4 20. Rfd1 h6 21.
Bh4 Qb6 22. Kh1 Rfe8 23. fxe6 fxe6 24. Qe2 a5 25. Rd3 Rf8 26. Bf2 Qc7 27. Bg3
Qc5 28. Rad1 Nh5 29. e5 Nxg3+ 30. Rxg3 dxe5 31. Nf3 Be8 32. Nxe5 Qf2 33. Qa6
Rd8 34. Nf3 Bf7 35. Rf1 Qxb2 36. Qxa5 Bd6 37. Rg4 Qxb3 38. Ne4 Ra8 39. Qd2 Bh5
40. Rxg7+ Kxg7 41. Qxd6 Qd5 42. Qb4 e5 43. Rg1 Rae8 44. Nfd2 Qd4 45. Qb7+ Rf7
46. Qc6 Ref8 47. Nf3 Qa7 48. Ng3 Bxf3 49. gxf3 Kh7 50. Qe4+ Kh8 51. Qxe5+ Rg7
52. Rf1 Qe7 53. Qc3 Qf7 54. Qe5 Kh7 55. Qe4+ Rg6 56. Kg2 Re8 57. Qd3 h5 58. Kh1
h4 59. Ne4 Qf5 60. Qd4 Reg8 61. Qd3 R8g7 62. Qe2 Qh3 63. f4 Rf7 64. Qh5+ Kg7
65. Qe2 Qf5 66. Qf3 Qd5 67. f5 Kf8 68. Qa3+ Kg8 69. Qf3 Qb7 70. Rd1 Qe7 71. Nf2
Rg5 72. Ng4 Kh7 73. f6 Qb7 74. Qxb7 Rxb7 75. h3 Rf5 76. Re1 Kg6 77. Kg2 Rb2+
78. Kg1 Rb3 79. Kg2 Ra5 80. Re2 Rg3+ 81. Kh2 Raa3 82. Nf2 Rgf3 83. Rb2 Rxf6 84.
Ng4 Re6 85. Kg2 Rg3+ 86. Kh2 Kf7 87. Rf2+ Ke7 88. Ra2 Kd6 89. Rb2 Kc5 90. Nf2
Kc4 91. Ng4 Kc3 92. Ra2 Rb6 93. Nf2 Rb2 94. Ra3+ Rb3 95. Ra2 Kd4 96. Rd2+ Ke5
97. Ng4+ Kf5 98. Nf2 Rg8 99. Rc2 Rb5 100. Rd2 Rgb8 101. Kg2 Rb2 0-1

[Event "American Continental 3rd"]
[Site "Buenos Aires"]
[Date "2005.08.16"]
[Round "11"]
[White "Delgado Ramirez, Neuris"]
[Black "Hernandez, Gilberto"]
[Result "0-1"]
[WhiteElo "2570"]
[BlackElo "2518"]
[PlyCount "76"]
[EventDate "2005.08.06"]
[EventType "swiss"]
[EventRounds "11"]
[EventCountry "ARG"]
[SourceTitle "CBM 109"]
[Source "ChessBase"]
[SourceDate "2005.11.14"]
[SourceVersion "1"]
[SourceVersionDate "2005.11.14"]
[SourceQuality "1"]

1. d4 d5 2. Bg5 h6 3. Bh4 c6 4. Nf3 Qb6 5. b3 Bf5 6. e3 e6 7. Bd3 Bxd3 8. Qxd3
Be7 9. Bxe7 Nxe7 10. c4 Nd7 11. Nc3 O-O 12. O-O Qa6 13. Rfd1 Rfd8 14. Rac1 Rac8
15. e4 Nf6 16. exd5 exd5 17. Ne5 dxc4 18. bxc4 Nd7 19. Ng4 Nf8 20. Qg3 Qxc4 21.
Nd5 Qe2 22. Re1 cxd5 23. Rcd1 Qa6 24. Rxe7 Ng6 25. Ree1 Qxa2 26. h4 h5 27. Ne3
Qa6 28. Ra1 Qb6 29. Rab1 Qxd4 30. Rxb7 Qe4 31. Rxa7 d4 32. Ra4 Qxh4 33. Qf3 Qg5
34. Ra7 Qf4 35. Qxf4 Nxf4 36. Nf5 Rc5 37. Ne7+ Kf8 38. g3 d3 0-1

[Event "WchT 6th"]
[Site "Beersheba"]
[Date "2005.11.02"]
[Round "2.3"]
[White "Delgado Ramirez, Neuris"]
[Black "Wang, Yu A"]
[Result "1/2-1/2"]
[WhiteElo "2551"]
[BlackElo "2396"]
[Annotator "Mueller,Karsten"]
[PlyCount "120"]
[EventDate "2005.11.01"]
[EventType "team-tourn"]
[EventRounds "9"]
[EventCountry "ISR"]
[SourceTitle "CBM 110"]
[Source "ChessBase"]
[SourceDate "2006.01.31"]
[SourceVersion "1"]
[SourceVersionDate "2006.01.31"]
[SourceQuality "1"]
[WhiteTeam "Cuba"]
[BlackTeam "China (W)"]
[WhiteTeamCountry "CUB"]
[BlackTeamCountry "CHN"]

1. d4 d5 2. Bg5 h6 3. Bh4 c6 4. Nf3 Qb6 5. b3 Bf5 6. e3 e6 7. Bd3 Bxd3 8. Qxd3
Be7 9. Bxe7 Nxe7 10. O-O O-O 11. c4 c5 12. Nc3 cxd4 13. exd4 Nbc6 14. c5 Qd8
15. a3 Ng6 16. b4 Nf4 17. Qe3 Qf6 18. g3 Nh3+ 19. Kg2 Ng5 20. Ne5 Nxe5 21. dxe5
Qd8 22. Rad1 f5 23. exf6 Qxf6 24. f4 Nf7 25. Nb5 Rae8 26. Rde1 Qd8 27. Qd4 a6
28. Nc3 h5 29. f5 exf5 30. Rxe8 Qxe8 31. Rxf5 Qe1 32. Rf1 Qe5 33. Qxe5 Nxe5 34.
Nxd5 Rxf1 35. Kxf1 Kf7 36. Ke2 g5 37. Ne3 Ke6 38. h3 Kd7 39. Kd2 Nf3+ 40. Kd3
Ke6 41. Nc4 Ng1 42. h4 $2 (42. Ke3 {bot wesentlich bessere Gewinnchancen, weil
Schwarz nun nicht so leicht einen gefährlichen h-Freibauern bilden kann, z.B.}
Nxh3 43. Na5 h4 44. Kf3 hxg3 45. Kxg3 Nf4 46. Nxb7 $14 {/+/-}) 42... gxh4 43.
gxh4 Nf3 44. Ke4 Nxh4 45. Na5 Nf5 46. Nxb7 h4 47. Nd8+ Kd7 48. Nf7 (48. Kxf5 $4
h3 $19) 48... h3 49. Ne5+ Kc7 50. Ng4 Ng3+ 51. Kf3 Nf1 52. Kf2 (52. Nf2 h2 53.
Kg2 Ne3+ 54. Kxh2 Nc2 $11) 52... Nd2 53. Ne5 Ne4+ 54. Kg1 a5 $1 55. Kh2 axb4
56. axb4 Nc3 57. Kxh3 Nd5 58. b5 (58. Nd3 Kc6 59. Kg4 Nxb4 60. Nxb4+ Kxc5 $11)
58... Nf4+ 59. Kg4 Ne6 60. Nd3 Nxc5 (60... Nxc5 61. Nxc5 Kb6 $11) 1/2-1/2

[Event "WchT 6th"]
[Site "Beersheba"]
[Date "2005.11.03"]
[Round "3.3"]
[White "Zhang, Zhong"]
[Black "Delgado Ramirez, Neuris"]
[Result "1-0"]
[WhiteElo "2598"]
[BlackElo "2551"]
[PlyCount "79"]
[EventDate "2005.11.01"]
[EventType "team-tourn"]
[EventRounds "9"]
[EventCountry "ISR"]
[SourceTitle "CBM 110"]
[Source "ChessBase"]
[SourceDate "2006.01.31"]
[SourceVersion "1"]
[SourceVersionDate "2006.01.31"]
[SourceQuality "1"]
[WhiteTeam "China"]
[BlackTeam "Cuba"]
[WhiteTeamCountry "CHN"]
[BlackTeamCountry "CUB"]

1. c4 e5 2. Nc3 Bb4 3. g3 Nf6 4. Bg2 c6 5. Nf3 d6 6. O-O O-O 7. d3 Re8 8. Qc2
h6 9. a3 Ba5 10. b4 Bc7 11. Bb2 Be6 12. Rfc1 Qc8 13. b5 a6 14. a4 Bh3 15. Bh1
Nbd7 16. bxc6 bxc6 17. Nd2 Ba5 18. Ba3 Qc7 19. Nb3 Bb6 20. c5 dxc5 21. Ne4 Nxe4
22. Bxe4 Nf6 23. Bf3 Bg4 24. Bxg4 Nxg4 25. Bxc5 Reb8 26. Bxb6 Rxb6 27. Na5 Rc8
28. Qc5 Nf6 29. Nc4 Nd7 30. Qe7 Rbb8 31. Nd6 Rf8 32. Rab1 Qd8 33. Nf5 Re8 34.
Rxb8 Nxb8 35. Qc5 Qd7 36. Nd6 Rd8 37. Nc4 f6 38. Rb1 Qc7 39. Rb6 Kh8 40. Kg2
1-0